00649nam a2200205 a 450000100060000000300080000600500170001400800390003103500190007004000320008904100080012108200290012910000180015824500510017626000470022730000220027450400500029660000520034665000450039864489BD-RjUL20211209081320.0170215s1984 nyu b 001 0 eng a(BD-RjUL)64619 aDLCcRUndDLCdBD-RjULbeng aeng00a973.923092bSOH 198422310aSolberg, Carl04aHubert Humphrey :ba biography /cCarl Solberg aNew York :bW. W. Norton & company,cc1984 a572 p. ;c24 cm. aIncludes bibliographical reference and index. aHumphrey, Hubert H. (Hubert Horatio), 1911-1978 aVice-PresidentsxPolitics and government